000 00652nam a22002297a 4500
003 UA-OsUOA
001 80747
007 ta
008 20111222b un ||||| |||| 00| 0 ukr d
100 _aКурило Л.І.
700 _aПавлоцька Т.П.
090 _a330
_bК93
942 _cSA
040 _aUA-OsUOA
_bukr
_cUA-OsUOA
_dUA-OsUOA
245 _aІнтелектуальна праця як фактор людського розвитку
300 _aС.127-132
955 _a0
041 _aukr
080 _a330
773 0 _w80735
_tЕкономіка АПК
_dК.
_d2011
_g12
650 7 _a330 Економіка взагалі
_2UDC
999 _c367053
_d367053